Game of Thrones Episodes - Statistics

General Stats
  • This quiz has been taken 212 times
  • The average score is 37 of 73
Answer Stats
Hint Answer % Correct
S01E01 Winter Is Coming
93%
S01E09 Baelor
81%
S01E02 The Kingroad
78%
S06E09 Battle of the Bastards
76%
S03E09 The Rains of Castamere
76%
S02E09 Blackwater
75%
S08E03 The Long Night
73%
S06E10 The Winds of Winter
72%
S01E10 Fire and Blood
68%
S04E09 The Watchers on the Wall
68%
S08E01 Winterfell
68%
S05E08 Hardhome
67%
S04E08 The Mountain and the Viper
66%
S01E03 Lord Snow
65%
S08E05 The Bells
65%
S04E02 The Lion and the Rose
65%
S08E06 The Iron Throne
64%
S01E04 Cripples, Bastards, and Broken Things
63%
S04E10 The Children
63%
S03E10 Mhysa
62%
S07E01 Dragonstone
61%
S02E10 Valar Morghulis
61%
S01E05 The Wolf and the Lion
59%
S01E06 A Golden Crown
57%
S06E05 The Door
57%
S07E06 Beyond the Wall
55%
S03E01 Valar Dohaeris
54%
S08E02 A Knight of the Seven Kingdoms
53%
S01E08 The Pointy End
53%
S02E01 The North Remembers
51%
S01E07 You Win or You Die
51%
S04E06 The Laws of Gods and Men
50%
S08E04 The Last of the Starks
49%
S04E04 Oathkeeper
48%
S07E07 The Dragon and the Wolf
48%
S03E07 The Bear and the Maiden Fair
47%
S03E06 The Climb
47%
S05E02 The House of Black and White
46%
S06E01 The Red Woman
46%
S07E04 The Spoils of War
46%
S04E01 Two Swords
46%
S03E08 Second Sons
45%
S02E05 The Ghost of Harrenhal
45%
S02E03 What Is Dead May Never Die
45%
S05E10 Mother's Mercy
44%
S05E09 The Dance of Dragons
44%
S02E04 Garden of Bones
43%
S04E07 Mockingbird
43%
S07E05 Eastwatch
42%
S06E02 Home
42%
S06E03 Oathbreaker
42%
S02E06 The Old Gods and the New
42%
S05E06 Unbowed, Unbent, Unbroken
42%
S03E04 And Now His Watch Is Ended
41%
S04E05 First of His Name
41%
S03E05 Kissed by Fire
41%
S07E02 Stormborn
41%
S05E03 High Sparrow
40%
S06E08 No One
40%
S02E08 The Prince of Winterfell
40%
S02E07 A Man Without Honor
38%
S03E02 Dark Wings, Dark Words
38%
S05E04 Sons of the Harpy
38%
S07E03 The Queen's Justice
38%
S05E07 The Gift
36%
S02E02 The Night Lands
36%
S05E01 The Wars to Come
36%
S06E07 The Broken Man
35%
S04E03 Breaker of Chains
34%
S05E05 Kill the Boy
33%
S03E03 Walk of Punishment
33%
S06E06 Blood of My Blood
30%
S06E04 Book of the Stranger
28%
No matching quizzes found
Score Distribution
Percent of People with Each Score
Percentile by Number Answered
Your Score History
You have not taken this quiz